LEADER 01092nam a2200265 i 4500 001 000000177016 003 CaOOAMICUS 005 20090205000000.0 008 090205s1966 xxk u000 u eng u 013 $a154518 040 $aSeMil$bita 100 1 $aMazzarino, Santo.$0(OLS)http://semarc/name/6557 240 13$aLa fine del Mondo Antico.$0(OLS)http://semarc/title/254197 245 14$aThe end of the ancient world /$cSanto Mazzarino ; George Holmes. 260 $aLondon :$bFaber and Faber,$ccopyr. 1966. 300 $a198 p. ;$c23 cm. 500 $aIn preliminari : Dedica autografa dell'A. - Fondo card. Giovanni Colombo. 650 4$aStoria antica - Studi.$0(OLS)http://semarc/subject/4146 700 1 $aHolmes, George.$0(OLS)http://semarc/name/15551 850 $aSeMil 852 $aSeMil$W1$xVenegono$y1$m3S II 23$j127830$B127830$CSeMilBibl$Z2$F141260 $81 941 1 $a3 961 $aLascito: Colombo Card. Giovanni 996 $6245$aThe end of the ancient world$9(OLS)http://semarc/title/254196 996 $6260$aLondon :$bFaber and Faber$9(OLS)http://semarc/publisher/45434 LEADER 00902nam a2200217 i 4500 001 000000209444 003 CaOOAMICUS 005 20111216000000.0 008 111216s1965 it u000 u ita u 013 $a188234 040 $aSeMil$bita 245 10$a1748-1752. 300 $a558 p. 490 0 $aStoria e letteratura : raccolta di studi e testi ;$v101 600 04$aBenedetto XIV .$0(OLS)http://semarc/subject/3783 650 4$aPierre Guérin : de Tencin .$0(OLS)http://semarc/subject/39278 773 0 $tLettere di Benedetto 14. al Card. De Tencin.$dRoma : Edizioni di Storia e Letteratura, 1955.$kStoria e letteratura$g2$w()25947 830 0$aStoria e letteratura ;$v101.$0(OLS)http://semarc/title/420 850 $aSeMil 852 $aSeMil$W1$xVenegono$y1$m3T V 101$j159895$B159895$CSeMilBibl$Z2$F170927 $81 996 $6245$a1748-1752$9(OLS)http://semarc/title/302769